| 000 | 00394cam a22001097a 4500 | ||
|---|---|---|---|
| 008 | 180718b1956 xxu||||| |||| 00| 0 eng d | ||
| 082 | _aT000x547 55d/Ass-1 | ||
| 100 | _aSadeque, A. | ||
| 245 |
_aEast Pakistan's food shortage of 1956: its nature and origin and its bearings on development planning, part 1 _cby A. Sadeque |
||
| 260 |
_aDacca _bEast Pakistan Government Press _c1956 |
||
| 300 | _a18p. | ||
| 999 |
_c496750 _d496750 |
||